000 00777nam a2200217 a 4500
008 111005s1998 ||||||||||||||||| || u
020 _a0683047981
050 _aRC 46 Koc.
100 _aSebastian, James L
245 1 0 _aKochar's concise texbook of medicine. (3rd ed.)
_cedited by Kutty, Kesavan; ( and others)
250 _a3rd ed.
260 _aBaltimore:
_bWilliams & Wilkins
_c1998
300 _axxv, 1039p. : ill.
350 _a0.00
650 _aMEDICINE
650 _aINTERNAL MEDICINE
700 _aMewis, Beth A
700 _aBerg, Dale D
700 _aKutty, Kesavan
995 _aMEDICAL LIBRARY OPEN ACCESS
_D0.00
_e901341
_FCBU-SCHOOL OF MEDICINE LIBRARY (Ndola)
_H1
_I0.00
_jRC 46 KOC
_M1
_UAVAILABLE
_WOct 5, 2011
_y901341
_ZMedical Library Open Access Collection
999 _c31884
_d31884